| 000 | 00567nam a22002177a 4500 | ||
|---|---|---|---|
| 003 | OSt | ||
| 005 | 20140310184523.0 | ||
| 008 | 131017t xxu||||| |||| 00| 0 eng d | ||
| 020 | _a0439148715 | ||
| 050 |
_aQL 666.O6 _b.Se456 2000 |
||
| 100 |
_aSimon, Seymour. _91176 |
||
| 245 |
_aSnakes / _cSeymour Simon |
||
| 260 |
_aNew York : _bScholastic Inc., _c1992. |
||
| 300 |
_a1 v.(unpaged) _bcol. ill .; _c24 cm. |
||
| 521 | _aG9 | ||
| 526 | _c1000 | ||
| 650 |
_aSnakes _930004 |
||
| 700 |
_aSimon, Seymour. _91176 |
||
| 942 |
_2lcc _cBK-SCHOLAS |
||
| 999 |
_c35075 _d35075 |
||